Les instruments de mesure du temps - Statistiques

Statistiques générales
  • Ce quiz a été pris 44 fois
    32 depuis la dernière actualisation
  • Le résultat moyen est 26 sur 52
Statistiques - réponses
Par images Hint Réponse % Correct
CHR-N-GR-PHR Chronographe
87%
P-ND-L- S-MP-TH-Q-- Pendule sympathique
77%
M-NTR- -L-CTR-Q-- Montre électrique
73%
CHR-N-M-TR- Chronomètre
70%
C--C-- Coucou
70%
H-RL-G- - P-ND-L- Horloge à pendule
70%
M-NTR- Montre
70%
M-NTR- -L-CTR-N-Q-- Montre électronique
70%
P-ND-L- D- CH-M-N-- Pendule de cheminée
70%
C-DR-N L-N--R- Cadran Lunaire
67%
C-DR-N S-L--R- Cadran solaire
67%
H-RL-G- -LCTR-Q-- Horloge électrique
67%
M-N-T--R Minuteur
67%
M-NTR- D- G--SS-T Montre de gousset
67%
P-ND-L- Pendule
67%
S-BL--R Sablier
67%
H-RL-G- P-RL-NT- Horloge parlante
63%
R-V--LL- M-T-N Réveille-matin
63%
R-V--LL- M-T-N -L-CTR-Q-- Réveille-matin électrique
63%
B--G-- GR-D--- Bougie graduée
60%
H-RL-G- J-P-N--S- Horloge japonaise
60%
P-ND-L- D'-CH-CS Pendule d'échecs
60%
C-DR-N-S-L--R M-R-L Cadran solaire mural
57%
H-RL-G- H-DR--L-Q-- Horloge hydraulique
57%
M-NTR- SQ--L-TT- Montre squelette
57%
T--R H-RL-G- Tour horloge
57%
H-RL-G- -STR-N-M-Q-- Horloge astronomique
53%
M-NTR- D- PL-NG-- Montre de plongée
53%
M-NTR- D'-NF-RM--R- Montre d'infirmière
53%
-NN--- -STR-N-M-Q-- Anneau astronomique
50%
CHR-N-GR-PH- -NR-G-STR--R Chronographe enregistreur
50%
CL-PS-DR- Clepsydre
50%
H-RL-G- -T-M-Q-- Horloge atomique
50%
C-N-N D- M-D- Canon de midi
47%
C-RT-L Cartel
47%
H-RL-G- FL--R-- Horloge fleurie
47%
M-NTR- C-NN-CT-- -N-L-G-Q-- Montre connectée analogique
43%
M-NTR- BR--LL- Montre braille
40%
M-NTR- B-N--R- Montre binaire
37%
M-NTR- D- P-L-T- Montre de pilote
33%
M-NTR- M-ST-R---S- Montre mystérieuse
33%
N-CT-RL-B- Nocturlabe
33%
CL-PS-DR- - T-MB--R Clepsydre à tambour
30%
C-DR-N - S-X-H--R-S Cadran à six heures
27%
H-RL-G- - F-- Horloge à feu
27%
H-RL-G- C-MT--S- Horloge comtoise
23%
R-V--L - R-D-- - P-L-TT-S Réveil-radio à palettes
23%
H-RL-G- - M-R--S Horloge à marées
20%
P-ND-L- -TM-S Pendule atmos
20%
H-RL-G- D- ST-T--N D- R-D-- Horloge de station de radio
13%
P-ND-L- D- C--S-N Pendule de cuisine
13%
-NN--- D- P--S-N Anneau de paysan
10%
Aucun quiz correspondant
Distribution des résultats
% des personnes avec chaque résultat
Percentile par nombre de réponses
Votre historique - résultats
Vous n’avez pas pris ce quiz depuis la dernière actualisation